| 000 | 00824nam a22002177a 4500 | ||
|---|---|---|---|
| 999 |
_c177864 _d177864 |
||
| 005 | 20210308172829.0 | ||
| 010 | _aENG-129167 | ||
| 020 |
_a978-93-88096-21-8 _c324.00 |
||
| 035 | _aEN-112699 | ||
| 037 | _bDBAD/PUB | ||
| 082 | _a604.2 | ||
| 245 |
_aEngineering Graphics: Common to all Branches for B. Tech First Year/ _cA Suresh, et.al. |
||
| 260 |
_aHyderabad _bSeven Hills International Publishers _c2019 |
||
| 270 |
_bHyderabad _e500038 _a3326/C, Level-4, Surneni Nilayam, Near B K Gupta Park, S R Nagar _k91 40 23710657, 238000657 _l91 40 23810657 _mstudentshelpline.in@gmail.com |
||
| 300 |
_aviii+424p. _c24cm(pbk) _bIncluding illustrations. |
||
| 700 | _a A Suresh | ||
| 700 | _aRao, G. Surya Prakash | ||
| 700 | _aGupta, T. Balaji | ||
| 700 | _aB Suresh Kumar | ||
| 942 |
_2ddc _cEN _h604.2 _mENG |
||